000 00252nam a2200097Ia 4500
001 709517
005 20250826162548.0
008 250824s9999 xx 000 0 und d
245 0 _aYATAĞIN ALTINDAKİ HARFLER
_cAYTÜL AKAL
260 _bUÇANBALIK YAYINLARI
999 _c709517
_d709517